000 00768nam a2200205Ia 4500
003 GCL
008 140319s9999 xx 000 0 ara d
040 _aGCL /
_cGCL
082 0 4 _a371.26
_bع و
100 1 _aعبدالحافظ محمد سلامة
245 1 0 _aوسائل الاتصال : واسسها النفسية والتربوية /
_cعبدالحافظ محمد سلامة
300 _a260 ص
490 _aسلسلة المصادر التعليمية
_v0
650 0 4 _aالتعلم
650 0 4 _aالوسائل السمعية والبصرية
650 0 4 _aالاختبارات والقياسات التعليمية
650 0 4 _aالتربية - نظريات
650 0 4 _aالاختبارات والقياسات التربوية
942 _2ddc
_cBK
999 _c41766
_d41766